ბათუმის შოთა რუსთაველის სახელმწიფო უნივერსიტეტის ბიბლიოთეკა

Вопросы философии, №10. 2014. (ბიბ.ჩანაწერი № 46106)

000 -LEADER
fixed length control field 00558nam a2200193Ia 4500
001 - CONTROL NUMBER
control field 12937
003 - CONTROL NUMBER IDENTIFIER
control field GE_BSU
008 - FIXED-LENGTH DATA ELEMENTS--GENERAL INFORMATION
fixed length control field 181216s||||||||xx |||||||||||||| ||und||
040 ## - CATALOGING SOURCE
Transcribing agency GE_BSU
245 ## - TITLE STATEMENT
Title Вопросы философии, №10. 2014.
245 ## - TITLE STATEMENT
Statement of responsibility, etc. Гл.ред.Пружинин Борис Исаевич и др.
260 ## - PUBLICATION, DISTRIBUTION, ETC.
Place of publication, distribution, etc. Москва
260 ## - PUBLICATION, DISTRIBUTION, ETC.
Date of publication, distribution, etc. 2014
300 ## - PHYSICAL DESCRIPTION
Extent 192стр.24см.
653 ## - INDEX TERM--UNCONTROLLED
Uncontrolled term Вопросы философии, №10. 2014.
653 ## - INDEX TERM--UNCONTROLLED
Uncontrolled term Периодика
653 ## - INDEX TERM--UNCONTROLLED
Uncontrolled term პერიოდიკა
942 ## - ADDED ENTRY ELEMENTS (KOHA)
Koha item type პერიოდიკა
ეგზემპლარები
Withdrawn status Lost status Damaged status Not for loan Date acquired Barcode Date last seen Price effective from Koha item type
        2018-12-17 p76574 2018-12-17 2018-12-17 პერიოდიკა